Urban Facilities in the Quality of Life Research: A Case Study of Banská Bystrica City (Central Slovakia)

Porovnanie vybraných základných sídelných jednotiek v meste Banská Bystrica na základe vybraných kvantitatívnych ukazovateľov kvality života v meste. Mapované prvky vybavenosti: detské ihriská, bezplatné verejné športoviská, predajne potravín, zastávky MHD, parky, základné školy, materské školy, ver...

Descripción completa

Guardado en:
Detalles Bibliográficos
Autor principal: Rišová, Katarína
Otros Autores: Pouš, Richard
Formato: Capítulo de libro
Lenguaje:inglés
Materias:
Etiquetas: Agregar Etiqueta
Sin Etiquetas, Sea el primero en etiquetar este registro!

MARC

LEADER 00000naa a2200000 4500
001 0246669
005 20180927065051.1
041 0 |a eng 
044 |a SK 
245 1 0 |a Urban Facilities in the Quality of Life Research: A Case Study of Banská Bystrica City (Central Slovakia)  |c Katarína Rišová, Richard Pouš 
520 |a Porovnanie vybraných základných sídelných jednotiek v meste Banská Bystrica na základe vybraných kvantitatívnych ukazovateľov kvality života v meste. Mapované prvky vybavenosti: detské ihriská, bezplatné verejné športoviská, predajne potravín, zastávky MHD, parky, základné školy, materské školy, verejné knižnice, lekárne, bankomaty, pobočky bánk, ambulancie všeobecných lekárov a pobočky pôšt. 
610 2 0 |a mestá 
610 2 0 |a kvalita života 
610 2 0 |a štúdie prípadové 
610 2 0 |a prieskum 
610 2 0 |a Slovensko 
100 1 |a Rišová, Katarína 
700 1 |a Pouš, Richard